000 00539nam a2200181Ia 4500
008 100920s9999 xx 000 0 und d
082 _b56070
_a891.463.1 थ 90
100 _aदेवधर ज्योत्स्ना.
245 _aसमास.
260 _bमॅजेस्टिक प्रकाशन, मुंबई.
_c1990
300 _a163
_bसाधी
365 _b0
520 _aलघुकथा.
630 _aसमास.
650 _aलघुकथा.
730 _aसमास.
942 _cBOOK
999 _c700304
_d700301